Sustentabilidade : (Record no. 439)

MARC details
000 -LÍDER
Campo Fixo de Controle 00909nam a2200277 a 4500
001 - NÚMERO DE CONTROLE
Campo de Controle 439
003 - IDENTIFICAÇÃO DO NÚMERO DE CONTROLE
Campo de Controle BR-CuiBMT
005 - DATA E HORA DA ÚLTIMA ATUALIZAÇÃO
Campo de Controle 20231122133130.0
008 - DADOS FIXOS
Dados Fixos 231106s2019 mgb 000 0 por d
020 ## - INTERNATIONAL STANDARD BOOK NUMBER
Nº do ISBN 9788545005896
040 ## - AGÊNCIA CATALOGADORA
Código da Agência Catalogadora BR-CuiBMT
Agência que transcreveu o registro BR-CuiBMT
080 ## - Nº DA CLASSIFICAÇÃO DECIMAL UNIVERSAL
Nº edição CDU 2007
Nº Class. CDU 340.1:502.131.1
090 ## - NÚMERO DE CHAMADA
Nº classificação 340.1:502.131.1
Cutter F866s
Ano/Edição 4. ed.
100 1# - ENTRADA PRINCIPAL -- AUTOR PESSOAL
Nome pessoal Freitas, Juarez
245 10 - TÍTULO PRINCIPAL
Título principal Sustentabilidade :
Subtítulo direito ao futuro /
Indicação de responsabilidade Juarez Freitas.
250 ## - EDIÇÃO
Edição 4. ed.
260 ## - PUBLICAÇÃO, DISTRIBUIÇÃO, ETC.
Local de publicação Belo Horizonte :
Editora Fórum,
Data 2019.
300 ## - DESCRIÇÃO FÍSICA
N. páginas ou volumes 416 p. ;
Dimensões 22 cm
500 ## - NOTAS GERAIS
Notas gerais Obra que recebeu a medalha Pontes de Miranda da Academia Brasileira de Letras Jurídicas (informação retirada da capa).
504 ## - NOTA DE BIBLIOGRAFIA, ETC.
Nota de bibliografia Inclui bibliografia.
650 ## - ASSUNTO TÓPICO
Cabeçalho tópico ou nome geográfico Direito ambiental
Subdivisão geográfica Brasil
650 ## - ASSUNTO TÓPICO
Cabeçalho tópico ou nome geográfico Desenvolvimento sustentável
Subdivisão geográfica Brasil
650 ## - ASSUNTO TÓPICO
Cabeçalho tópico ou nome geográfico Proteção ambiental
Subdivisão geográfica Brasil
650 ## - ASSUNTO TÓPICO
Cabeçalho tópico ou nome geográfico Educação ambiental
942 ## - ELEMENTOS DE ENTRADA ADICIONAIS (KOHA)
Fonte de classificação ou esquema de arquivamento Classificação Decimal Universal
Tipo de item do Koha Livros
Holdings
Estado: removido Estado: perdido Fonte de classificação ou esquema de arquivamento Estado: danificado Indisponível para empréstimo Localização permanente Localização atual Data de aquisição Total Checkouts Número de Chamada completo Código de barras Date last seen Número do exemplar Preço efetivo a partir de Tipo de item (Koha)
    Classificação Decimal Universal     Biblioteca da Escola Superior de Contas do TCE/MT Biblioteca da Escola Superior de Contas do TCE/MT 06/08/2019   340.1:502.131.1 F866s 4. ed. BIBTCEMT23110178 06/11/2023 Ex. 1 06/11/2023 Livros
    Classificação Decimal Universal     Biblioteca da Escola Superior de Contas do TCE/MT Biblioteca da Escola Superior de Contas do TCE/MT 06/08/2019   340.1:502.131.1 F866s 4. ed. BIBTCEMT23110179 06/11/2023 Ex. 2 06/11/2023 Livros

Powered by Koha